00350nam a22001457a 4500003000400000008004100004020001800045082001200063100001900075245005100094250000800145260002800153300000800181650001500189OSt210518b ||||| |||| 00| 0 eng d a9789380027852 a540 RAT aRATTAN, Sunita aTheory and Practicals of Engineering Chemistry a5th aNew DelhibKatsonc2018 a465 aApplied Sc